15 krajów o największej liczbie zgonów Covid19 - 1 maja 2021 - Statystyki

Ogólne statystyki
  • Ten quiz został rozwiązany 52 razy
  • Średni wynik to 11 z 24
Statystyki odpowiedzi
kraj % Poprawnych
Polska
96%
Stany Zjednoczone
96%
Rosja
89%
Niemcy
83%
Francja
72%
Hiszpania
72%
Włochy
72%
Indie
64%
Wielka Brytania
62%
Brazylia
60%
Meksyk
60%
Argentyna
47%
Czechy
43%
Kolumbia
32%
Belgia
30%
Słowacja
30%
Peru
26%
Słowenia
21%
Węgry
21%
Bułgaria
19%
Iran
19%
Bośnia i Hercegowina
15%
Chorwacja
13%
Macedonia Północna
9%
Nie znaleziono quizów pasujących do podanych kryteriów
Rozkład punktacji
Procent ludzi z każdym wynikiem
Percentyl według liczby udzielonych odpowiedzi
Twoja historia wyników
Nie rozwiązałeś tego quizu